000 004400000a22001690004500
003 MACL
005 20151229151955.0
008 151229b xxu||||| |||| 00| 0 eng d
040 _aMACL
_cMACL
041 _aEnglish
082 _a100/HIN
100 _aThe Standard Literature Co P Ltd
_924053
245 _aCount Robert of Paris
260 _bThe Standard Literature Co P Ltd
_aLondon
650 _aNovel
_9153
942 _cBK
_k823/JUN
_2ddc
999 _c38806
_d38806